[Event "La Zubia op"]
[Site "La Zubia"]
[Date "2023.12.07"]
[Round "2"]
[White "Martin Ruiz, Antonio"]
[Black "Piernagorda Copado, Jose"]
[Result "1/2-1/2"]
[WhiteElo "1733"]
[BlackElo "2066"]
[PlyCount "146"]
[EventDate "2023.12.07"]
[EventType "swiss"]
[EventRounds "7"]
[EventCountry "ESP"]
[SourceTitle "CB50_2023"]
[SourceDate "2023.12.13"]
[SourceVersion "1"]
[SourceVersionDate "2023.12.13"]
[SourceQuality "1"]

1. d4 Nf6 2. Bf4 e6 3. e3 d5 4. Nf3 Bd6 5. Ne5 Nc6 6. Bb5 Bd7 7. Bxc6 Bxc6 8. 0-0 0-0 9. Nd2 Nd7 10. Nxc6 bxc6 11. Bxd6 cxd6 12. c4 dxc4 13. Nxc4 d5 14. Nd2 c5 15. dxc5 Nxc5 16. b4 Nd7 17. a4 Qb6 18. Rb1 Rfc8 19. Qb3 Rc7 20. Nf3 Rac8 21. a5 Qd6 22. Nd4 Rb7 23. g3 Ne5 24. Rfc1 Nc4 25. Qa4 a6 26. h4 Rcb8 27. Nc2 Rb5 28. Ra1 Ne5 29. Rab1 Kf8 30. Nd4 Rxb4 31. Rxb4 Rxb4 32. Rc8+ Ke7 33. Nc6+ Nxc6 34. Qxc6 Qxc6 35. Rxc6 Kd7 36. Rxa6 Kc7 37. Ra8 Rb8 38. Ra7+ Rb7 39. Ra8 Kc6 40. a6 Rc7 41. Rg8 f6 42. Re8 e5 43. Re6+ Kb5 44. Rd6 Kc5 45. Re6 Kc4 46. Rb6 Kc5 47. Rb7 Kc6 48. Rb8 Ra7 49. Rg8 Kd6 50. Kg2 Ke6 51. g4 g6 52. Rh8 Rxa6 53. Rxh7 d4 54. exd4 exd4 55. Kf3 d3 56. h5 d2 57. Ke2 Rd6 58. Kd1 gxh5 59. gxh5 Rd8 60. h6 f5 61. Ra7 Kf6 62. h7 Kg6 63. h8Q Rxh8 64. Kxd2 Re8 65. Ra3 f4 66. Ra5 f3 67. Ra3 Re2+ 68. Kd1 Rxf2 69. Ke1 Re2+ 70. Kf1 Rb2 71. Rxf3 Kg5 72. Ra3 Kf4 73. Ke1 Ke5 1/2-1/2